[Event "Biel Master Tournament 2019"]
[Site "Biel"]
[Date "2019.07.25"]
[Round "4.6"]
[White "Gopal G.N."]
[Black "Keymer, Vincent"]
[Result "1/2-1/2"]
[WhiteElo "2594"]
[BlackElo "2513"]
[Annotator "ChessBase"]
[PlyCount "127"]
[EventDate "2019.07.20"]
[EventType "swiss"]
[EventCountry "SUI"]
[SourceTitle "playchess.com"]
[Source "ChessBase"]
[SourceQuality "1"]
[TimeControl "40/5400+30:1800+30"]

1. e4 {[%emt 0:00:00]} c5 {[%emt 0:00:00]} 2. Nf3 {[%emt 0:00:00]} d6 {[%emt 0:00:00]} 3. d4 {[%emt 0:00:00]} cxd4 {[%emt 0:00:00]} 4. Nxd4 {[%emt 0:00:00]} Nf6 {[%emt 0:00:00]} 5. Nc3 {[%emt 0:00:00]} a6 {[%emt 0:00:00]} 6. Be3 {[%emt 0:00:00]} e5 {[%emt 0:00:00]} 7. Nf3 {[%emt 0:00:00]} Be7 {[%emt 0:00:57]} 8. Bc4 {[%emt 0:00:00]} Be6 {[%emt 0:00:25]} 9. Bb3 {[%emt 0:00:08]} Nbd7 {[%emt 0:06:09]} 10. O-O {[%emt 0:01:22]} Rc8 {[%emt 0:02:13]} 11. Qe2 {[%emt 0:14:28]} Qc7 {[%emt 0:09:18]} 12. Rfd1 {[%emt 0:05:04]} Qc6 {[%emt 0:23:41]} 13. Bg5 {[%emt 0:04:24]} O-O {[%emt 0:05:02]} 14. Rac1 {[%emt 0:05:46]} Qb6 {[%emt 0:05:17]} 15. h3 {[%emt 0:07:20]} Qb4 {[%emt 0:06:01]} 16. Nd2 {[%emt 0:23:21]} h6 {[%emt 0:06:12]} 17. Bxf6 {[%emt 0:00:57]} Bxf6 {[%emt 0:04:48]} 18. a3 {[%emt 0:07:33]} Qc5 {[%emt 0:00:55]} 19. Nf3 {[%emt 0:01:50]} Nb6 {[%emt 0:07:45]} 20. Nd5 {[%emt 0:01:46]} Bd8 {[%emt 0:01:43]} 21. c3 {[%emt 0:03:26]} Nc4 {[%emt 0:02:39]} 22. a4 {[%emt 0:05:51]} b5 {[%emt 0:01:19]} 23. Ra1 {[%emt 0:01:54]} f5 {[%emt 0:01:08]} 24. axb5 {[%emt 0:02:32]} axb5 {[%emt 0:00:26]} 25. Ra6 {[%emt 0:02:16]} Kh8 {[%emt 0:03:31]} 26. Bxc4 {[%emt 0:05:27]} bxc4 {[%emt 0:00:38]} 27. Ne3 {[%emt 0:00:38]} Be7 {[%emt 0:06:30]} 28. exf5 {[%emt 0:00:38]} Bxf5 {[%emt 0:00:25]} 29. Rd5 {[%emt 0:02:30]} Bd3 {[%emt 0:01:21]} 30. Rxc5 {[%emt 0:00:59]} Bxe2 {[%emt 0:00:05]} 31. Rxc8 Rxc8 {[%emt 0:00:01]} 32. Nf5 {[%emt 0:00:11]} Bf6 {[%emt 0:02:16]} 33. Nxd6 {[%emt 0:00:46]} Rb8 {[%emt 0:00:24]} 34. Ne4 {[%emt 0:02:25]} Rxb2 {[%emt 0:00:41]} 35. Nxf6 {[%emt 0:00:10]} gxf6 {[%emt 0:00:57]} 36. Rxf6 {[%emt 0:00:04]} Kg7 {[%emt 0:00:08]} 37. Rc6 {[%emt 0:00:44]} Rb1+ {[%emt 0:02:40]} 38. Kh2 {[%emt 0:00:02]} Rb5 {[%emt 0:00:27]} 39. Kg3 {[%emt 0:04:15]} Rd5 {[%emt 0:01:09]} 40. Re6 {[%emt 0:00:40]} Rd3 {[%emt 0:00:19]} 41. Rxe5 {[%emt 0:30:20]} Bxf3 {[%emt 0:30:09]} 42. gxf3 {[%emt 0:00:05]} Rxc3 {[%emt 0:00:09]} 43. Rc5 {[%emt 0:00:00]} Rc2 {[%emt 0:00:00]} 44. f4 {[%emt 0:00:00]} c3 {[%emt 0:00:00]} 45. Kf3 {[%emt 0:00:00]} Rc1 {[%emt 0:00:00]} 46. Kg4 {[%emt 0:00:00]} Kf6 {[%emt 0:00:00]} 47. Rc6+ {[%emt 0:00:00]} Ke7 {[%emt 0:00:00]} 48. Kf5 {[%emt 0:00:00]} Kd7 {[%emt 0:00:00]} 49. Rc4 {[%emt 0:00:00]} Kd6 {[%emt 0:00:00]} 50. Kf6 {[%emt 0:00:00]} Kd5 {[%emt 0:00:00]} 51. Rc8 {[%emt 0:00:00]} Kd4 {[%emt 0:00:01]} 52. f5 {[%emt 0:00:00]} Rf1 {[%emt 0:02:03]} 53. Kg7 {[%emt 0:01:33]} Rxf2 {[%emt 0:00:33]} 54. f6 {[%emt 0:00:08]} Rg2+ {[%emt 0:00:10]} 55. Kxh6 {[%emt 0:01:49]} Rh2 {[%emt 0:00:07]} 56. f7 {[%emt 0:01:57]} Rxh3+ {[%emt 0:00:05]} 57. Kg5 {[%emt 0:00:12]} Rf3 {[%emt 0:00:14]} 58. f8=Q {[%emt 0:00:12]} Rxf8 {[%emt 0:00:02]} 59. Rxf8 {[%emt 0:00:05]} c2 {[%emt 0:00:09]} 60. Rc8 {[%emt 0:00:31]} Kd3 {[%emt 0:00:03]} 61. Kf4 {[%emt 0:00:03]} Kd2 {[%emt 0:00:04]} 62. Ke4 {[%emt 0:00:05]} c1=Q {[%emt 0:00:05]} 63. Rxc1 {[%emt 0:00:02]} Kxc1 {[%emt 0:00:02]} 64. Kd5 {[%emt 0:00:31]} 1/2-1/2

[Event "Biel Master Tournament 2019"]
[Site "Biel"]
[Date "2019.07.25"]
[Round "4.7"]
[White "Martirosyan, Haik M."]
[Black "Erigaisi Arjun"]
[Result "1/2-1/2"]
[WhiteElo "2619"]
[BlackElo "2531"]
[Annotator "TA"]
[PlyCount "94"]
[EventDate "2019.07.20"]
[EventType "swiss"]
[EventCountry "SUI"]
[SourceTitle "playchess.com"]
[Source "ChessBase"]
[SourceQuality "1"]

{[%evp 19,94,20,25,16,13,0,16,3,5,18,16,-6,22,29,18,0,20,2,19,0,10,-15,-4,-35,12,9,7,0,32,25,34,25,28,31,31,29,31,5,20,0,32,16,16,10,10,15,12,17,17,19,13,10,8,0,0,0,0,0,0,0,0,0,0,0,0,0,0,0,0,0,0,0,0,0,0,0,0]} 1. d4 d5 2. c4 c6 3. Nf3 Nf6 4. Nc3 e6 5. Bg5 h6 6. Bxf6 Qxf6 7. e3 Nd7 8. Bd3 dxc4 9. Bxc4 Bd6 10. O-O Qe7 11. Bb3 {D43: Semi-Slav: 5 Bg5 h6} (11. Rc1 O-O 12. Ne4 Bc7 13. Bb3 Kh8 14. Nc5 Nxc5 15. Rxc5 Rd8 16. Qc2 Bd7 17. Qe4 Bd6 18. Rc3 Rac8 19. Rfc1 Be8 20. h3 Rc7 21. a3 Rdc8 22. Bc2 g6 23. Nd2 c5 24. Bb3 {½-½ (24) Mamedyarov,S (2817)-Dubov,D (2703) St Petersburg 2018}) 11... O-O 12. Rc1 e5 $146 ({Predecessor:} 12... Rd8 13. Ne4 Bc7 14. Qc2 Nf8 15. Ne5 Bd7 16. f4 Be8 17. f5 f6 18. Ng4 Kh8 19. fxe6 {1-0 (31) Sturua,Z (2560)-Shalimov,V (2425) Swidnica 1997}) 13. Qc2 Nf6 14. dxe5 Bxe5 15. h3 b6 16. Nxe5 Qxe5 17. e4 Be6 18. Bxe6 Qxe6 19. f4 Rad8 20. Rce1 Qc4 21. Qf2 Rd4 {[%cal Rf6e4]} 22. Rc1 {[#] Hoping for Ne2.} Rd3 23. Rfe1 Qd4 24. Red1 Rd8 25. Rxd3 Qxf2+ $1 26. Kxf2 Rxd3 $14 {[%mdl 4096] Endgame KRN-KRN} 27. e5 Nd7 28. Ke2 Rg3 $1 {[%cal Rg3g2]} 29. Kf2 Rd3 30. Ne4 c5 {The position is equal.} 31. Ke2 Rd4 32. Ke3 g5 33. g3 f5 $1 34. Nc3 gxf4+ 35. gxf4 Nf8 $1 36. Rg1+ Kh7 $1 37. Ne2 Re4+ 38. Kf3 {[#] aiming for Ng3.} Ne6 39. Rd1 Nd4+ $1 40. Nxd4 cxd4 $11 {KR-KR} 41. Rd3 h5 42. Ra3 a5 {[%cal Ba7a5,Ba5a4][%mdl 32]} 43. h4 Kg7 44. Rb3 a4 45. Rxb6 Re3+ 46. Kf2 Re4 47. Rb7+ Kg6 {Accuracy: White = 57%, Black = 75%.} 1/2-1/2

[Event "Biel Master Tournament 2019"]
[Site "Biel"]
[Date "2019.07.25"]
[Round "4.8"]
[White "Stany, G.A."]
[Black "Santos Latasa, Jaime"]
[Result "1/2-1/2"]
[WhiteElo "2525"]
[BlackElo "2594"]
[Annotator "ChessBase"]
[PlyCount "55"]
[EventDate "2019.07.20"]
[EventType "swiss"]
[EventCountry "SUI"]
[SourceTitle "playchess.com"]
[Source "ChessBase"]
[SourceQuality "1"]
[TimeControl "40/5400+30:1800+30"]

1. e4 {[%emt 0:00:00]} c5 {[%emt 0:00:56]} 2. Nf3 {[%emt 0:00:00]} d6 {[%emt 0:00:07]} 3. d4 {[%emt 0:00:00]} cxd4 {[%emt 0:00:07]} 4. Nxd4 {[%emt 0:00:00]} Nf6 {[%emt 0:00:08]} 5. Nc3 {[%emt 0:00:00]} a6 {[%emt 0:00:03]} 6. Bd3 {[%emt 0:00:00]} e6 {[%emt 0:00:05]} 7. f4 {[%emt 0:00:14]} Qc7 {[%emt 0:00:18]} 8. a4 {[%emt 0:09:55]} Nc6 {[%emt 0:01:59]} 9. Nb3 {[%emt 0:00:11]} b6 {[%emt 0:00:20]} 10. O-O {[%emt 0:00:26]} Be7 {[%emt 0:00:24]} 11. Be3 {[%emt 0:03:33]} O-O {[%emt 0:00:33]} 12. Qf3 {[%emt 0:00:52]} Rb8 {[%emt 0:01:17]} 13. Kh1 {[%emt 0:01:59]} Re8 {[%emt 0:01:03]} 14. Rae1 {[%emt 0:02:28]} Bb7 {[%emt 0:02:25]} 15. Qh3 {[%emt 0:00:15]} Nb4 {[%emt 0:05:29]} 16. Nd4 {[%emt 0:02:48]} Nd7 {[%emt 0:04:26]} 17. Bg1 {[%emt 0:31:10]} Bf8 {[%emt 0:04:57]} 18. Re3 {[%emt 0:01:47]} Nc6 {[%emt 0:03:17]} 19. Nxc6 {[%emt 0:05:16]} Qxc6 {[%emt 0:01:06]} 20. e5 {[%emt 0:00:06]} h6 {[%emt 0:03:13]} 21. Ne4 {[%emt 0:08:20]} dxe5 {[%emt 0:02:42]} 22. fxe5 {[%emt 0:03:57]} Nxe5 {[%emt 0:01:17]} 23. Nf6+ {[%emt 0:06:45]} gxf6 {[%emt 0:00:13]} 24. Rg3+ {[%emt 0:00:04]} Bg7 {[%emt 0:01:38]} 25. Rxf6 {[%emt 0:00:06]} Nxd3 {[%emt 0:00:15]} 26. Rxg7+ {[%emt 0:00:08]} Kxg7 {[%emt 0:00:07]} 27. Qxh6+ {[%emt 0:00:04]} Kg8 {[%emt 0:00:05]} 28. Rg6+ {[%emt 0:00:03]} 1/2-1/2

[Event "Biel Master Tournament 2019"]
[Site "Biel"]
[Date "2019.07.25"]
[Round "4.9"]
[White "Petrosyan, Manuel"]
[Black "Bewersdorff, Oliver"]
[Result "1-0"]
[WhiteElo "2592"]
[BlackElo "2258"]
[Annotator "ChessBase"]
[PlyCount "43"]
[EventDate "2019.07.20"]
[EventType "swiss"]
[EventCountry "SUI"]
[SourceTitle "playchess.com"]
[Source "ChessBase"]
[SourceQuality "1"]
[TimeControl "40/5400+30:1800+30"]

1. d4 {[%emt 0:01:14]} Nf6 {[%emt 0:00:00]} 2. c4 {[%emt 0:00:05]} g6 {[%emt 0:00:05]} 3. Nc3 {[%emt 0:00:09]} d5 {[%emt 0:00:09]} 4. Nf3 {[%emt 0:00:12]} Bg7 {[%emt 0:00:07]} 5. h4 {[%emt 0:00:17]} c6 {[%emt 0:00:54]} 6. cxd5 {[%emt 0:00:15]} cxd5 {[%emt 0:00:06]} 7. Bf4 {[%emt 0:00:04]} Nc6 {[%emt 0:00:15]} 8. e3 {[%emt 0:00:11]} O-O {[%emt 0:00:09]} 9. Qb3 {[%emt 0:00:12]} a6 {[%emt 0:00:08]} 10. Rc1 {[%emt 0:05:09]} Na5 {[%emt 0:03:55]} 11. Qa3 {[%emt 0:00:26]} Be6 {[%emt 0:04:47]} 12. Be2 {[%emt 0:08:25]} h6 {[%emt 0:26:08]} 13. Ne5 {[%emt 0:09:14]} Rc8 {[%emt 0:12:21]} 14. O-O {[%emt 0:04:38]} Nc6 {[%emt 0:04:15]} 15. Nd3 {[%emt 0:04:58]} Nd7 {[%emt 0:05:47]} 16. Bg3 {[%emt 0:09:00]} Bf5 {[%emt 0:20:07]} 17. Nxd5 {[%emt 0:04:50]} Re8 {[%emt 0:00:31]} 18. Bc7 {[%emt 0:07:10]} Rxc7 {[%emt 0:00:23]} 19. Nxc7 {[%emt 0:00:08]} Qxc7 {[%emt 0:00:05]} 20. d5 {[%emt 0:00:32]} Ndb8 {[%emt 0:02:26]} 21. dxc6 {[%emt 0:01:39]} Nxc6 {[%emt 0:00:07]} 22. Nb4 {[%emt 0:00:51]} 1-0

[Event "Biel Master Tournament 2019"]
[Site "Biel"]
[Date "2019.07.25"]
[Round "4.10"]
[White "Gukesh D"]
[Black "Vaibhav, Suri"]
[Result "1-0"]
[WhiteElo "2520"]
[BlackElo "2591"]
[Annotator "ChessBase"]
[PlyCount "71"]
[EventDate "2019.07.20"]
[EventType "swiss"]
[EventCountry "SUI"]
[SourceTitle "playchess.com"]
[Source "ChessBase"]
[SourceQuality "1"]
[TimeControl "40/5400+30:1800+30"]

1. d4 {[%emt 0:00:00]} Nf6 {[%emt 0:00:00]} 2. c4 {[%emt 0:00:00]} e6 {[%emt 0:00:04]} 3. Nf3 {[%emt 0:00:05]} b6 {[%emt 0:01:24]} 4. g3 {[%emt 0:01:45]} Ba6 {[%emt 0:00:28]} 5. Qc2 {[%emt 0:04:21]} c5 {[%emt 0:01:01]} 6. d5 {[%emt 0:04:01]} exd5 {[%emt 0:00:19]} 7. cxd5 {[%emt 0:00:03]} Bb7 {[%emt 0:00:07]} 8. Bg2 {[%emt 0:10:06]} Nxd5 {[%emt 0:00:14]} 9. O-O {[%emt 0:13:57]} Nc6 {[%emt 0:00:23]} 10. a3 {[%emt 0:11:25]} Be7 {[%emt 0:01:38]} 11. Rd1 {[%emt 0:02:06]} Nf6 {[%emt 0:01:26]} 12. e4 {[%emt 0:05:02]} O-O {[%emt 0:00:48]} 13. Nc3 {[%emt 0:01:31]} Ne8 {[%emt 0:34:47]} 14. Nd5 {[%emt 0:13:44]} Nc7 {[%emt 0:05:59]} 15. b3 {[%emt 0:00:59]} d6 {[%emt 0:05:05]} 16. Ne3 {[%emt 0:06:04]} Re8 {[%emt 0:10:06]} 17. Nf5 {[%emt 0:05:03]} Bf8 {[%emt 0:06:24]} 18. Bf4 {[%emt 0:04:08]} Re6 {[%emt 0:08:39]} 19. Ng5 {[%emt 0:05:26]} Rg6 {[%emt 0:00:13]} 20. Nxd6 {[%emt 0:01:18]} Bxd6 {[%emt 0:02:42]} 21. e5 {[%emt 0:00:12]} Nb5 {[%emt 0:04:21]} 22. Nxf7 {[%emt 0:03:57]} Kxf7 {[%emt 0:00:20]} 23. Qc4+ {[%emt 0:00:42]} Kf8 {[%emt 0:12:33]} 24. Qxb5 {[%emt 0:00:12]} Nd4 {[%emt 0:00:48]} 25. Rxd4 {[%emt 0:00:16]} Bxg2 {[%emt 0:00:30]} 26. Rxd6 {[%emt 0:00:24]} Rxd6 {[%emt 0:00:08]} 27. exd6 {[%emt 0:00:02]} Bh3 {[%emt 0:00:40]} 28. Re1 {[%emt 0:04:29]} Qf6 {[%emt 0:00:35]} 29. Qc6 {[%emt 0:02:20]} Rc8 {[%emt 0:01:43]} 30. Qe4 {[%emt 0:00:40]} h6 {[%emt 0:00:23]} 31. Be5 {[%emt 0:00:28]} Qf7 {[%emt 0:00:16]} 32. Qh7 {[%emt 0:00:28]} Qg8 {[%emt 0:00:57]} 33. Qe4 {[%emt 0:00:26]} Qxb3 {[%emt 0:00:52]} 34. g4 {[%emt 0:00:18]} Kg8 {[%emt 0:00:36]} 35. d7 {[%emt 0:00:18]} Rd8 {[%emt 0:00:04]} 36. Bf6 {[%emt 0:00:29]} 1-0

[Event "Biel Master Tournament 2019"]
[Site "Biel"]
[Date "2019.07.25"]
[Round "4.11"]
[White "Flom, Gabriel"]
[Black "Antipov, Mikhail Al."]
[Result "1-0"]
[WhiteElo "2494"]
[BlackElo "2582"]
[Annotator "ChessBase"]
[PlyCount "107"]
[EventDate "2019.07.20"]
[EventType "swiss"]
[EventCountry "SUI"]
[SourceTitle "playchess.com"]
[Source "ChessBase"]
[SourceQuality "1"]
[TimeControl "40/5400+30:1800+30"]

1. d4 {[%emt 0:00:00]} g6 {[%emt 0:00:00]} 2. e4 {[%emt 0:01:26]} Bg7 {[%emt 0:00:00]} 3. Nc3 {[%emt 0:00:04]} c6 {[%emt 0:00:00]} 4. Be3 {[%emt 0:00:21]} d5 {[%emt 0:02:07]} 5. Nf3 {[%emt 0:01:17]} Qb6 {[%emt 0:20:16]} 6. Rb1 {[%emt 0:14:42]} dxe4 {[%emt 0:06:49]} 7. Nxe4 {[%emt 0:00:07]} Bf5 {[%emt 0:00:24]} 8. Ng3 {[%emt 0:05:06]} Bg4 {[%emt 0:01:36]} 9. c3 {[%emt 0:01:32]} Nf6 {[%emt 0:00:48]} 10. h3 {[%emt 0:00:13]} Bxf3 {[%emt 0:01:26]} 11. Qxf3 {[%emt 0:00:05]} Nd5 {[%emt 0:00:47]} 12. Bc4 {[%emt 0:06:05]} O-O {[%emt 0:01:14]} 13. Bxd5 {[%emt 0:02:38]} cxd5 {[%emt 0:00:05]} 14. Qxd5 {[%emt 0:00:12]} Qa6 {[%emt 0:03:50]} 15. a4 {[%emt 0:02:24]} Qxa4 {[%emt 0:07:52]} 16. Qxb7 {[%emt 0:00:06]} Qc6 {[%emt 0:08:47]} 17. Qxc6 {[%emt 0:00:10]} Nxc6 {[%emt 0:00:04]} 18. b4 {[%emt 0:07:42]} f5 {[%emt 0:01:13]} 19. f4 {[%emt 0:02:52]} Rac8 {[%emt 0:04:41]} 20. Ne2 {[%emt 0:02:23]} e6 {[%emt 0:01:26]} 21. Ra1 {[%emt 0:01:16]} Rc7 {[%emt 0:00:24]} 22. Kf2 {[%emt 0:04:08]} Ne7 {[%emt 0:00:13]} 23. Ra3 {[%emt 0:03:24]} Nd5 {[%emt 0:00:19]} 24. Rha1 {[%emt 0:00:34]} Rff7 {[%emt 0:00:07]} 25. Bd2 {[%emt 0:01:38]} Rfd7 {[%emt 0:00:11]} 26. Kf3 {[%emt 0:05:36]} Bf8 {[%emt 0:00:21]} 27. Ra6 {[%emt 0:03:16]} Kf7 {[%emt 0:02:23]} 28. g4 {[%emt 0:01:56]} h6 {[%emt 0:00:26]} 29. gxf5 {[%emt 0:07:06]} exf5 {[%emt 0:04:11]} 30. R1a5 {[%emt 0:01:33]} Nb6 {[%emt 0:02:50]} 31. Rc5 {[%emt 0:02:39]} Bxc5 {[%emt 0:01:52]} 32. bxc5 {[%emt 0:00:06]} Nc4 {[%emt 0:00:06]} 33. Bc1 {[%emt 0:00:12]} Re7 {[%emt 0:04:35]} 34. Ra4 {[%emt 0:00:19]} Nb6 {[%emt 0:00:06]} 35. cxb6 {[%emt 0:00:04]} axb6 {[%emt 0:00:04]} 36. Rb4 {[%emt 0:05:19]} Re6 {[%emt 0:00:44]} 37. Bd2 {[%emt 0:01:13]} Ra7 {[%emt 0:00:47]} 38. d5 {[%emt 0:03:08]} Re8 {[%emt 0:00:29]} 39. Nc1 {[%emt 0:04:26]} Rd8 {[%emt 0:01:26]} 40. c4 {[%emt 0:02:04]} Ra3+ {[%emt 0:00:06]} 41. Be3 {[%emt 0:34:24]} Re8 {[%emt 0:41:31]} 42. Rb3 {[%emt 0:00:25]} Rxb3 {[%emt 0:01:31]} 43. Nxb3 {[%emt 0:00:11]} Ra8 {[%emt 0:02:14]} 44. Nd4 {[%emt 0:06:49]} Ra3 {[%emt 0:00:56]} 45. Ke2 {[%emt 0:00:47]} g5 {[%emt 0:01:27]} 46. Nxf5 {[%emt 0:00:00]} gxf4 {[%emt 0:00:00]} 47. Bxb6 {[%emt 0:00:00]} Kf6 {[%emt 0:00:00]} 48. d6 {[%emt 0:00:00]} Ke6 {[%emt 0:00:00]} 49. Nd4+ {[%emt 0:00:00]} Kd7 {[%emt 0:00:00]} 50. c5 {[%emt 0:00:00]} Re3+ {[%emt 0:00:00]} 51. Kd2 {[%emt 0:00:00]} Rxh3 {[%emt 0:00:00]} 52. Bc7 {[%emt 0:00:00]} Rh5 {[%emt 0:00:00]} 53. c6+ {[%emt 0:00:00]} Kc8 {[%emt 0:00:00]} 54. Kd3 {[%emt 0:00:00]} 1-0

[Event "Biel Master Tournament 2019"]
[Site "Biel"]
[Date "2019.07.25"]
[Round "4.12"]
[White "Meins, Gerlef"]
[Black "Nabaty, Tamir"]
[Result "1/2-1/2"]
[WhiteElo "2417"]
[BlackElo "2678"]
[Annotator "TA"]
[PlyCount "125"]
[EventDate "2019.07.20"]
[EventType "swiss"]
[EventCountry "SUI"]
[SourceTitle "playchess.com"]
[Source "ChessBase"]
[SourceQuality "1"]

{[%evp 10,125,-5,-8,2,0,10,14,11,6,0,8,8,7,1,8,30,30,25,24,14,14,16,13,43,19,12,16,27,18,23,7,32,31,39,36,31,31,48,0,0,0,0,0,0,0,0,0,0,0,17,20,37,2,1,-32,-30,-158,-158,-160,-160,-148,-146,-146,-143,-450,-139,-135,-98,-100,-95,-98,-98,-116,-113,-123,-113,-102,-72,-61,0,0,0,0,0,0,0,0,0,0,0,0,0,0,0,0,0,0,0,0,0,0,0,0,0,0,0,0,0,0,0,0,0,0,0,0,0,0]} 1. d4 d5 2. Nf3 e6 3. Bf4 Bd6 4. Bxd6 Qxd6 5. Nbd2 Nf6 6. e3 b6 {D02: 1 d4 d5 2 Nf3 sidelines, including 2...Nf6 3 g3 and 2...Nf6 3 Bf4} (6... O-O 7. Be2 c5 8. dxc5 Qxc5 9. O-O Nc6 10. c4 dxc4 11. Nxc4 Rd8 12. Qc1 Bd7 13. Nce5 Qxc1 14. Raxc1 Nxe5 15. Nxe5 {0-1 (52) Demidov,M (2523)-Fressinet,L (2662) Katowice 2017}) 7. Ne5 Bb7 8. c3 O-O 9. Bd3 c5 10. O-O Ne4 $146 ({Predecessor:} 10... Ba6 11. Bxa6 Nxa6 12. f4 Nb8 13. Rf3 Nfd7 {1-0 (48) Hambleton,A (2484)-Sturt,R (2449) Saint Louis 2017}) 11. Nxe4 dxe4 12. Be2 f6 13. Nc4 Qe7 14. a4 {[%cal Ba2a4,Ba4a5,Ba5a6][%mdl 32]} Nd7 15. a5 b5 16. a6 Bd5 17. Na5 c4 18. b3 {[%cal Re2c4]} Rac8 19. bxc4 bxc4 20. Qa4 Nb6 21. Qa3 Qd7 22. Nb7 Rc7 23. Nc5 Qe8 24. f3 exf3 25. Bxf3 Bxf3 26. Rxf3 e5 27. e4 Qc6 28. Re1 Qd6 29. Qa1 exd4 30. cxd4 Re8 31. Kh1 Nd7 32. Nxd7 (32. Nb7 $5 {[%cal Rb7d6]} Qb4 33. Rb1 $11) 32... Rxd7 33. e5 (33. d5 $11 {was the only way to keep the balance.}) 33... Qxd4 $17 34. exf6 Rxe1+ $1 35. Qxe1 {[%cal Re1e8][%mdl 4096] Endgame KQR-KQR} Qd1 $1 {[%cal Rd1e1]} ({Much worse is} 35... gxf6 $6 36. Qe8+ Kg7 37. Rg3+ Kh6 38. Qf8+ Kh5 39. Rh3+ Kg6 40. Qg8+ Rg7 41. Rg3+ Kf5 42. Rf3+ Kg6 43. Qe8+ Kg5 44. g4 $11) 36. Qg1 gxf6 {aiming for ...Qe2.} 37. Rf1 $2 {[%mdl 8192] [#]} (37. h3 $17 {is more resistant.}) 37... Qd4 $2 (37... Qe2 $1 $19 {has better winning chances. Hoping for ...c3.} 38. Re1 Qd2) 38. Rc1 Qxg1+ 39. Kxg1 {[#] KR-KR} Rc7 $1 40. Kf2 Kf7 41. Ke3 Rc6 42. Rc3 Ke6 43. Kd4 Kd6 44. Rf3 Kc7 (44... Ke7 $1 $15) 45. Kc3 $1 $11 {The position is equal.} Kb6 46. Rh3 Rc7 47. Rh6 Kxa6 48. Rxf6+ Kb5 49. g4 a5 50. Rf5+ Kb6 51. Rf6+ Rc6 52. g5 Kc5 {White must now prevent ...Rxf6.} 53. Rf5+ Kb6 54. h4 {Strongly threatening Rf6.} Rc7 55. Rf6+ Kc5 56. Rf5+ Kb6 57. Rf6+ Kc5 58. Rf5+ Kd6 59. Rxa5 Ke6 60. h5 Rc8 61. Ra7 Kf5 62. Rxh7 Kxg5 63. Rd7 {Accuracy: White = 54%, Black = 58%.} 1/2-1/2

[Event "Biel Master Tournament 2019"]
[Site "Biel"]
[Date "2019.07.25"]
[Round "4.13"]
[White "Gupta, Sankalp"]
[Black "Iturrizaga Bonelli, Eduardo"]
[Result "0-1"]
[WhiteElo "2147"]
[BlackElo "2625"]
[Annotator "TA"]
[PlyCount "76"]
[EventDate "2019.07.20"]
[EventType "swiss"]
[EventCountry "SUI"]
[SourceTitle "playchess.com"]
[Source "ChessBase"]
[SourceQuality "1"]

{[%evp 14,76,20,26,27,34,44,42,27,-12,33,-4,31,30,58,29,31,8,65,29,73,42,56,0,21,18,34,-29,-22,-62,-63,-70,-83,-80,-82,-108,-102,-104,0,0,0,-41,-40,-91,-88,-109,-85,-126,0,-142,-138,-126,-112,-92,-97,-148,-179,-199,-230,-197,-200,-982,-971,-905,-812]} 1. e4 c6 2. d4 d5 3. Nd2 dxe4 4. Nxe4 Nf6 5. Nxf6+ exf6 6. c3 Bd6 7. Bd3 O-O 8. Qc2 (8. Be3 {with more complications.} Re8 9. Qc2 h6 10. Ne2 Qc7 11. h3) 8... Re8+ {B15: Caro-Kann: 3 Nc3: 3...g6 and 3...dxe4 4 Nxe4 Nf6 5 Nxf6+ exf6} 9. Ne2 (9. Be3 h6 10. Ne2 Na6 11. O-O Nc7 12. c4 Bg4 13. h3 Bxe2 14. Bxe2 Ne6 15. Rad1 Qc7 16. Bg4 Rad8 17. Rfe1 Bf4 18. Bxf4 Nxf4 19. Rxe8+ Rxe8 {½-½ (58) Svidler,P (2756)-Carlsen,M (2839) Porto Carras 2018}) 9... h5 10. Be3 Be6 {White is slightly better.} 11. c4 Nd7 12. Nc3 $146 {[#] And now d5 would win.} ({Predecessor:} 12. O-O-O Nf8 13. Nc3 Rc8 14. Kb1 Qa5 15. Qa4 Qxa4 16. Nxa4 {1-0 (56) Surkova,S (1579)-Elgersma,O (2151) Paris 2019}) 12... Rc8 (12... f5 $5 {[%cal Rf5f4]}) 13. O-O h4 14. Rfe1 Nf8 15. a3 Qa5 ({Black should play} 15... Bc7 $11) 16. Ne4 Be7 17. b4 Qh5 18. Qd1 (18. h3 $14) 18... Bg4 19. f3 Be6 20. Ra2 (20. Nc5 $14) 20... b5 $11 {[%cal Bb7b5,Bb5c4][%mdl 32]} 21. g4 hxg3 $1 22. hxg3 bxc4 23. Bb1 Qd5 24. Rh2 f5 25. Kf2 f6 ({Better is} 25... a5 $17 {aiming for ...Ng6.} 26. Nc3 Qd6) 26. Nc3 Qd7 27. Reh1 Kf7 28. Qc2 (28. Rh8 $15) 28... Bd6 29. Ne2 Re7 $36 {[%mdl 2048] White is under strong pressure.} 30. Nf4 Rce8 (30... Bxf4 $17 31. Bxf4 Rce8) 31. Re1 (31. Nxe6 $11 {was the only way to keep the balance.} Qxe6 32. Re1) 31... Bxf4 $1 $17 32. Bxf4 Qxd4+ 33. Be3 Qd8 34. Bc5 (34. f4 $142) 34... Rd7 {...Rd2+ is the strong threat.} 35. Kg1 {[#]} Ng6 $1 36. f4 Rd3 {[%mdl 64] Double Attack} 37. Rhe2 $2 (37. Bf2) 37... Rxg3+ $19 38. Kf2 Rg4 {Accuracy: White = 34%, Black = 49%.} 0-1

[Event "Biel Master Tournament 2019"]
[Site "Biel"]
[Date "2019.07.25"]
[Round "4.14"]
[White "Low, Zhen Yu Cyrus"]
[Black "Tabatabaei, M.amin"]
[Result "0-1"]
[WhiteElo "2155"]
[BlackElo "2601"]
[Annotator "ChessBase"]
[PlyCount "51"]
[EventDate "2019.07.20"]
[EventType "swiss"]
[EventCountry "SUI"]
[SourceTitle "playchess.com"]
[Source "ChessBase"]
[SourceQuality "1"]
[TimeControl "40/5400+30:1800+30"]

1. e4 {[%emt 0:00:00]} e5 {[%emt 0:01:05]} 2. Nf3 {[%emt 0:00:00]} Nc6 {[%emt 0:00:07]} 3. Bc4 {[%emt 0:00:00]} Nf6 {[%emt 0:00:41]} 4. Ng5 {[%emt 0:03:20]} d5 {[%emt 0:00:16]} 5. exd5 {[%emt 0:00:14]} Na5 {[%emt 0:00:08]} 6. Bb5+ {[%emt 0:00:06]} c6 {[%emt 0:00:11]} 7. dxc6 {[%emt 0:00:05]} bxc6 {[%emt 0:00:08]} 8. Bd3 {[%emt 0:00:06]} Nd5 {[%emt 0:00:12]} 9. Nf3 {[%emt 0:00:07]} Bd6 {[%emt 0:00:07]} 10. O-O {[%emt 0:00:10]} O-O {[%emt 0:00:09]} 11. Re1 {[%emt 0:00:55]} f5 {[%emt 0:00:08]} 12. Nxe5 {[%emt 0:05:23]} Qf6 {[%emt 0:00:16]} 13. Qe2 {[%emt 0:14:55]} Bb7 {[%emt 0:00:30]} 14. Nc4 {[%emt 0:16:56]} Nf4 {[%emt 0:14:48]} 15. Qf1 {[%emt 0:03:45]} c5 {[%emt 0:04:23]} 16. f3 {[%emt 0:05:13]} Nxd3 {[%emt 0:01:34]} 17. cxd3 {[%emt 0:01:40]} Nxc4 {[%emt 0:01:30]} 18. dxc4 {[%emt 0:00:08]} Qd4+ {[%emt 0:14:11]} 19. Kh1 {[%emt 0:00:34]} Qh4 {[%emt 0:00:07]} 20. g3 {[%emt 0:00:10]} Bxg3 {[%emt 0:00:10]} 21. Re2 {[%emt 0:00:07]} Rae8 {[%emt 0:00:11]} 22. Kg1 {[%emt 0:04:43]} Rxe2 {[%emt 0:00:46]} 23. Qxe2 {[%emt 0:00:10]} Bxf3 {[%emt 0:00:18]} 24. Qxf3 {[%emt 0:01:03]} Qxh2+ {[%emt 0:00:02]} 25. Kf1 {[%emt 0:00:10]} Re8 {[%emt 0:00:04]} 26. Qd1 {[%emt 0:00:23]} 0-1